<?xml version="1.0" encoding="UTF-8"?>
<record
    xmlns:xsi="http://www.w3.org/2001/XMLSchema-instance"
    xsi:schemaLocation="http://www.loc.gov/MARC21/slim http://www.loc.gov/standards/marcxml/schema/MARC21slim.xsd"
    xmlns="http://www.loc.gov/MARC21/slim">

  <leader>00837nam a22001937a 4500</leader>
  <controlfield tag="003">DO-SdBNP</controlfield>
  <controlfield tag="005">20171127113226.0</controlfield>
  <controlfield tag="008">171127b        1968us||||| |||| 00| 0 spa d</controlfield>
  <datafield tag="040" ind1=" " ind2=" ">
    <subfield code="a">BMPSU</subfield>
    <subfield code="b">spa</subfield>
    <subfield code="c">BMPSU</subfield>
  </datafield>
  <datafield tag="100" ind1="1" ind2=" ">
    <subfield code="a">Schneider, Herman, </subfield>
    <subfield code="d">1905-2003</subfield>
  </datafield>
  <datafield tag="245" ind1=" " ind2=" ">
    <subfield code="a">Ciencia heath /</subfield>
    <subfield code="c">Herman and  Nina Schneider.</subfield>
  </datafield>
  <datafield tag="260" ind1=" " ind2=" ">
    <subfield code="a">Massachusetts :</subfield>
    <subfield code="b">D.C. Health and Company,</subfield>
    <subfield code="c">1968</subfield>
  </datafield>
  <datafield tag="300" ind1=" " ind2=" ">
    <subfield code="a">6v. :</subfield>
    <subfield code="b">il. ;</subfield>
    <subfield code="c">24 cm.</subfield>
  </datafield>
  <datafield tag="500" ind1=" " ind2=" ">
    <subfield code="a">La biblioteca posee  v.4, v.5</subfield>
  </datafield>
  <datafield tag="500" ind1=" " ind2=" ">
    <subfield code="a">Fue asignado titulo de la serie para reunir la colecci&#xF3;n en la estante</subfield>
  </datafield>
  <datafield tag="505" ind1=" " ind2=" ">
    <subfield code="g">v.1.</subfield>
    <subfield code="t">La ciencia : Jugamos y trabajamos --</subfield>
    <subfield code="g">v.2.</subfield>
    <subfield code="t">La ciencia : Aqu&#xED; y ahora --</subfield>
    <subfield code="g">v.3.</subfield>
    <subfield code="t">La ciencia : Lejos y cerca --</subfield>
    <subfield code="g">v.4.</subfield>
    <subfield code="t">La ciencia en tu vida --</subfield>
    <subfield code="g">v.5.</subfield>
    <subfield code="t">La ciencia en tu mundo --</subfield>
    <subfield code="g">v.6.</subfield>
    <subfield code="t">La ciencia : Presente y futuro</subfield>
  </datafield>
  <datafield tag="942" ind1=" " ind2=" ">
    <subfield code="2">ddc</subfield>
    <subfield code="c">BK</subfield>
  </datafield>
  <datafield tag="945" ind1=" " ind2=" ">
    <subfield code="a">Inventariado, 2017/MFF</subfield>
  </datafield>
  <datafield tag="952" ind1=" " ind2=" ">
    <subfield code="0">0</subfield>
    <subfield code="1">0</subfield>
    <subfield code="2">ddc</subfield>
    <subfield code="4">0</subfield>
    <subfield code="7">0</subfield>
    <subfield code="8">CG</subfield>
    <subfield code="a">BPMET</subfield>
    <subfield code="b">BPMET</subfield>
    <subfield code="d">2017-11-27</subfield>
    <subfield code="l">0</subfield>
    <subfield code="o">v.4</subfield>
    <subfield code="p">BPMSU17110445  </subfield>
    <subfield code="r">2017-11-27</subfield>
    <subfield code="w">2017-11-27</subfield>
    <subfield code="y">BK</subfield>
  </datafield>
  <datafield tag="952" ind1=" " ind2=" ">
    <subfield code="0">0</subfield>
    <subfield code="1">0</subfield>
    <subfield code="2">ddc</subfield>
    <subfield code="4">0</subfield>
    <subfield code="7">0</subfield>
    <subfield code="8">CG</subfield>
    <subfield code="a">BPMET</subfield>
    <subfield code="b">BPMET</subfield>
    <subfield code="d">2017-11-27</subfield>
    <subfield code="l">0</subfield>
    <subfield code="o">v.5</subfield>
    <subfield code="p">BPMSU17110446</subfield>
    <subfield code="r">2017-11-27</subfield>
    <subfield code="w">2017-11-27</subfield>
    <subfield code="y">BK</subfield>
  </datafield>
  <datafield tag="952" ind1=" " ind2=" ">
    <subfield code="0">0</subfield>
    <subfield code="1">0</subfield>
    <subfield code="2">ddc</subfield>
    <subfield code="4">0</subfield>
    <subfield code="7">0</subfield>
    <subfield code="8">CG</subfield>
    <subfield code="a">BPMET</subfield>
    <subfield code="b">BPMET</subfield>
    <subfield code="d">2017-11-27</subfield>
    <subfield code="l">0</subfield>
    <subfield code="o">v.5</subfield>
    <subfield code="p">BPMSU17110447</subfield>
    <subfield code="r">2017-11-27</subfield>
    <subfield code="t">e.2</subfield>
    <subfield code="w">2017-11-27</subfield>
    <subfield code="y">BK</subfield>
  </datafield>
  <datafield tag="999" ind1=" " ind2=" ">
    <subfield code="c">13115</subfield>
    <subfield code="d">13115</subfield>
  </datafield>
</record>
